书目信息 |
| 题名: |
公路路面彩色聚氨酯及改性环氧树脂表面处治技术指南
|
|
| 作者: | 张志祥 起草 ;江苏中路工程技术研究院公司 主编 | |
| 分册: | ||
| 出版信息: | 北京 人民交通出版社股份有限公司 2018.10 |
|
| 页数: | 14页 | |
| 开本: | 30cm | |
| 丛书名: | 团体标准 | |
| 单 册: | ||
| 中图分类: | U416.218 | |
| 科图分类: | ||
| 主题词: | 聚氨酯--ju an zhi--路面施工--技术标准--中国 , 改性树脂--gai xing shu zhi--环氧树脂--路面施工--技术标准--中国 | |
| 电子资源: | ||
| ISBN: | 978-7-114-15076-0 | |
| 000 | 01551nam 2200325 450 | |
| 001 | 202019133143 | |
| 005 | 20190921113344.0 | |
| 010 | @a978-7-114-15076-0@dCNY220.00 | |
| 094 | @aCN@bCN@bT/CHTS 10006-2018 | |
| 100 | @a20190916d2018 em y0chiy50 ea | |
| 101 | 0 | @achi |
| 102 | @aCN@b110000 | |
| 105 | @aak l 000yy | |
| 106 | @ar | |
| 200 | 1 | @a公路路面彩色聚氨酯及改性环氧树脂表面处治技术指南@Agong lu lu mian cai se ju an zhi ji gai xing huan yang shu zhi biao mian chu zhi ji shu zhi nan@d= Technical guideline of surface treatment by color polyurethane and modified epoxy resin mixtures for highway pavement@f主编单位江苏中路工程技术研究院有限公司@zeng |
| 210 | @a北京@c人民交通出版社股份有限公司@d2018.10 | |
| 215 | @a14页@c图@d30cm | |
| 225 | 2 | @a团体标准@Atuan ti biao zhun |
| 300 | @a2018-10-08发布 2018-10-09实施 中国公路学会发布 | |
| 314 | @a起草人: 张志祥 ... [等] | |
| 330 | @a本书共分为6章、1个附录, 主要内容包括: 材料、结构类型及色彩、施工、质量控制与验收等。 | |
| 410 | 0 | @12001 @a团体标准 |
| 510 | 1 | @aTechnical guideline of surface treatment by color polyurethane and modified epoxy resin mixtures for highway pavement@zeng |
| 606 | 0 | @a聚氨酯@Aju an zhi@x路面施工@x技术标准@y中国 |
| 606 | 0 | @a改性树脂@Agai xing shu zhi@x环氧树脂@x路面施工@x技术标准@y中国 |
| 690 | @aU416.218@v5 | |
| 701 | 0 | @a张志祥@Azhang zhi xiang@4起草 |
| 712 | 02 | @a江苏中路工程技术研究院公司@Ajiang su zhong lu gong cheng ji shu yan jiu yuan gong si@4主编 |
| 801 | 0 | @aCN@c20190905 |
| 905 | @a河南城建学院图书馆@dU416.218@eZ257 | |
| 公路路面彩色聚氨酯及改性环氧树脂表面处治技术指南= Technical guideline of surface treatment by color polyurethane and modified epoxy resin mixtures for highway pavement/主编单位江苏中路工程技术研究院有限公司.-北京:人民交通出版社股份有限公司,2018.10 |
| 14页:图;30cm.-(团体标准) |
| 2018-10-08发布 2018-10-09实施 中国公路学会发布 |
| ISBN 978-7-114-15076-0:CNY220.00 |
| 本书共分为6章、1个附录, 主要内容包括: 材料、结构类型及色彩、施工、质量控制与验收等。 |
| ● |
| 相关链接 |
|
|
|
正题名:公路路面彩色聚氨酯及改性环氧树脂表面处治
索取号:U416.218/Z257
 
预约/预借
| 序号 | 登录号 | 条形码 | 馆藏地/架位号 | 状态 | 备注 |
| 1 | 1440151 | 214401510 | 自科库501/501自科库 53排3列5层/ [索取号:U416.218/Z257] | 在馆 |